[Event "Arber Seniors op 6th"]
[Site "Bayerisch Eisenstein"]
[Date "2018.07.30"]
[Round "3"]
[White "Bausch, Jean"]
[Black "Berger, Siegfried"]
[Result "1-0"]
[WhiteElo "1711"]
[BlackElo "1505"]
[PlyCount "71"]
[EventDate "2018.07.28"]
[EventType "swiss"]
[EventRounds "9"]
[EventCountry "GER"]
[SourceTitle "CBM 185 Extra"]
[Source "ChessBase"]
[SourceDate "2018.07.29"]
[SourceVersion "1"]
[SourceVersionDate "2018.07.29"]
[SourceQuality "1"]

1. d4 d5 2. c4 e6 3. Nc3 Nf6 4. Bg5 Be7 5. Nf3 Nc6 6. e3 0-0 7. Rc1 a6 8. a3 Ne8 9. Bxe7 Qxe7 10. cxd5 exd5 11. Nxd5 Qd6 12. Nc3 Nf6 13. Bd3 Bg4 14. h3 Bh5 15. Ne4 Nxe4 16. Bxe4 Rfe8 17. Qc2 Bg6 18. Bxg6 hxg6 19. 0-0 Rac8 20. Ng5 Ne7 21. Qc4 Rf8 22. e4 Qf4 23. Nf3 c6 24. Qb4 Rc7 25. Nd2 Rd7 26. g3 Qg5 27. Nf3 Qh6 28. Kg2 b5 29. Ne5 Rc7 30. d5 c5 31. Rxc5 Rxc5 32. Qxc5 Re8 33. d6 Rc8 34. dxe7 Rxc5 35. e8Q+ Kh7 36. Nxf7 1-0

[Event "Arber Seniors op 6th"]
[Site "Bayerisch Eisenstein"]
[Date "2018.07.29"]
[Round "2"]
[White "Berger, Siegfried"]
[Black "Ojstosek, Mirko"]
[Result "1/2-1/2"]
[WhiteElo "1505"]
[BlackElo "1719"]
[PlyCount "64"]
[EventDate "2018.07.28"]
[EventType "swiss"]
[EventRounds "9"]
[EventCountry "GER"]
[SourceTitle "CBM 185 Extra"]
[Source "ChessBase"]
[SourceDate "2018.07.29"]
[SourceVersion "1"]
[SourceVersionDate "2018.07.29"]
[SourceQuality "1"]

1. e4 e6 2. Nf3 d5 3. exd5 Qxd5 4. Nc3 Qd8 5. Bc4 Nf6 6. d3 h6 7. 0-0 Nc6 8. Re1 Be7 9. h3 a6 10. a4 b6 11. Bf4 Bb7 12. Ne4 Nxe4 13. dxe4 Rc8 14. Qxd8+ Nxd8 15. c3 Bd6 16. e5 Be7 17. Nd4 0-0 18. b4 c5 19. bxc5 Bxc5 20. Bf1 Nc6 21. Nb3 Ne7 22. Rab1 Rc7 23. Red1 Nd5 24. Bd2 Rfc8 25. c4 Nb4 26. a5 Nc6 27. axb6 Bxb6 28. c5 Ba7 29. Ba5 Re7 30. Bc3 Nb8 31. Bb4 Nc6 32. Bc3 Nb8 1/2-1/2

[Event "Nittenau-ch 12th"]
[Site "Nittenau"]
[Date "2012.09.14"]
[Round "1"]
[White "Berger, Siegfried"]
[Black "Riedl, Maximilian"]
[Result "0-1"]
[WhiteElo "1364"]
[BlackElo "1854"]
[PlyCount "64"]
[EventDate "2012.09.14"]
[EventType "swiss"]
[EventRounds "5"]
[EventCountry "GER"]
[SourceTitle "EXT 2022"]
[Source "ChessBase"]
[SourceDate "2021.10.06"]
[SourceVersion "1"]
[SourceVersionDate "2021.10.06"]
[SourceQuality "1"]

1. d4 c6 2. c4 d5 3. e3 e6 4. Nf3 f5 5. cxd5 exd5 6. Nc3 Nf6 7. Bd3 Bd6 8. 0-0 0-0 9. Qc2 Ne4 10. Nd2 Rf6 11. f4 Rh6 12. Rf3 Qh4 13. Nf1 Be6 14. Rh3 Qf6 15. Rxh6 Qxh6 16. Nxe4 fxe4 17. Be2 g5 18. Qd1 gxf4 19. Bg4 fxe3 20. Bxe6+ Qxe6 21. Bxe3 Nd7 22. Qh5 Rf8 23. Bh6 Rf5 24. Qg4+ Qg6 25. Qh4 Nf6 26. Ng3 Bxg3 27. hxg3 Rh5 28. Qf4 Qxh6 29. Qb8+ Kg7 30. Qxb7+ Kg6 31. Rf1 Rh1+ 32. Kf2 Qd2# 0-1

[Event "Nittenau-ch 10th"]
[Site "Nittenau"]
[Date "2010.09.18"]
[Round "2"]
[White "Berger, Siegfried"]
[Black "Riedl, Maximilian"]
[Result "0-1"]
[WhiteElo "1239"]
[BlackElo "1869"]
[PlyCount "66"]
[EventDate "2010.09.17"]
[EventType "swiss"]
[EventRounds "5"]
[EventCountry "GER"]
[SourceTitle "EXT 2022"]
[Source "ChessBase"]
[SourceDate "2021.10.06"]
[SourceVersion "1"]
[SourceVersionDate "2021.10.06"]
[SourceQuality "1"]

1. d4 d5 2. c4 e5 3. dxe5 d4 4. e3 Bb4+ 5. Bd2 dxe3 6. fxe3 Nc6 7. Nf3 f6 8. Be2 fxe5 9. 0-0 Bxd2 10. Qxd2 Qe7 11. Nc3 Nf6 12. Rad1 0-0 13. Nd5 Nxd5 14. cxd5 Nb4 15. Bc4 Qd6 16. Nxe5 Bf5 17. Qd4 Rae8 18. Nd3 Nc2 19. Qc5 Nxe3 20. Qxa7 Nxc4 21. Rf4 Ne3 22. Re1 Bxd3 23. Rxf8+ Qxf8 24. Qd4 Nc2 25. Rxe8 Nxd4 26. Rxf8+ Kxf8 27. Kf2 Bc4 28. Ke3 Nf5+ 29. Ke4 Nd6+ 30. Ke5 Bxa2 31. Ke6 Nb5 32. h3 Ke8 33. g3 c6 0-1

[Event "Deggendorf op 3rd"]
[Site "Deggendorf"]
[Date "2010.09.04"]
[Round "3"]
[White "Berger, Siegfried"]
[Black "Froechel, Thomas"]
[Result "1-0"]
[WhiteElo "1293"]
[BlackElo "929"]
[PlyCount "79"]
[EventDate "2010.09.03"]
[EventType "swiss"]
[EventRounds "5"]
[EventCountry "GER"]
[SourceTitle "CBM 138 Extra"]
[Source "ChessBase"]
[SourceDate "2010.10.29"]
[SourceVersion "1"]
[SourceVersionDate "2010.10.29"]
[SourceQuality "1"]

1. c4 e5 2. Nc3 d6 3. e3 Nf6 4. d4 exd4 5. exd4 Bf5 6. Bd3 Qe7+ 7. Nge2 Bxd3 8. Qxd3 g6 9. 0-0 Bg7 10. Bg5 0-0 11. Nd5 Qd8 12. Rfe1 c6 13. Nxf6+ Bxf6 14. Bf4 Na6 15. a3 d5 16. c5 Nc7 17. Bd2 Ne6 18. Bc3 b6 19. b4 b5 20. f4 Bg7 21. f5 gxf5 22. Qxf5 Qg5 23. Qf3 Rae8 24. Red1 Re7 25. Ng3 Qf4 26. Nf5 Ree8 27. Qxf4 Nxf4 28. Ng3 Ne2+ 29. Nxe2 Rxe2 30. a4 Re3 31. Be1 Rfe8 32. Bf2 R3e4 33. axb5 R8e7 34. bxc6 Bh6 35. b5 Be3 36. Bxe3 Rxe3 37. b6 axb6 38. cxb6 Rb3 39. Ra8+ Kg7 40. c7 1-0

[Event "Nittenau-ch 09th"]
[Site "Nittenau"]
[Date "2009.09.20"]
[Round "4"]
[White "Berger, Siegfried"]
[Black "Straub, Roland"]
[Result "0-1"]
[WhiteElo "1146"]
[BlackElo "1595"]
[PlyCount "84"]
[EventDate "2009.09.18"]
[EventType "swiss"]
[EventRounds "5"]
[EventCountry "GER"]
[SourceTitle "EXT 2022"]
[Source "ChessBase"]
[SourceDate "2021.10.06"]
[SourceVersion "1"]
[SourceVersionDate "2021.10.06"]
[SourceQuality "1"]

1. d4 Nf6 2. c4 c5 3. e3 cxd4 4. exd4 d6 5. Nc3 g6 6. Nf3 Bg7 7. Bf4 0-0 8. Bd3 Nc6 9. a3 Nh5 10. Be3 e5 11. dxe5 dxe5 12. Be4 Be6 13. Bxc6 bxc6 14. b3 f5 15. Qc2 Qc7 16. Rd1 Rfe8 17. 0-0 Nf6 18. Na4 f4 19. Bc5 Bf5 20. Qc1 Ne4 21. Nd2 Nxc5 22. Nxc5 e4 23. Rfe1 e3 24. fxe3 Rxe3 25. Nde4 Bxe4 26. Nxe4 Qb6 27. Rxe3 Qxe3+ 28. Qxe3 fxe3 29. Rd3 Re8 30. Ng3 e2 31. Nxe2 Rxe2 32. b4 Re4 33. Rd8+ Kf7 34. Rd7+ Re7 35. Rd6 Rc7 36. Rd1 Ke6 37. Kf1 Kf5 38. a4 Ke4 39. Ke2 Bc3 40. b5 Bb4 41. Rd3 cxb5 42. cxb5 Rc2+ 0-1